000 00683nam a2200169Ia 4500
008 090123s9999 xx 000 0 und d
082 _b33667
100 _aजायस्वाल जयनारायण
245 _aचष्मा व नेत्ररोग चिकित्सा
250 _a4
260 _bगोपाल ग्रंथ गृह
600 _aजायस्वाल जयनारायण
630 _aचष्मा व नेत्ररोग चिकित्सा
700 _aजायस्वाल जयनारायण
730 _aचष्मा व नेत्ररोग चिकित्सा
942 _cBOOK
999 _c71726
_d71726